000 00792nas a2200265 4500
001 BR2010004237
003 BR-BrBNA
005 20231205114712.0
007 ta
008 230509b bl.|||p| |||| 00| 00por d
040 _aBR-BrBNA
_bpor
_cBiblioteca Nacional de Agricultura
041 _a(Pt)
072 _aK50
100 1 _aPaes, J.B.P.
100 1 _aOliveira, A.K.F.
100 1 _aOliveira, E. de
100 1 _aLima, C.R. de
245 1 _aCaracterização físico-mecânica do laminado colado de bambu
650 _aBAMBU
650 _aPROPRIEDADE FÍSICO-QUÍMICA
650 _aPROCESSAMENTO
773 0 _tCiência Florestal (Brazil)
_xISSN 0103-9954
_g(Mar-Jun 2009), v. 19(1-2) p. 41-51
_wBR2010004237
909 _a202311
_bLúcia
_c55
_dLúcia Elande
942 _2AGRIS
_n0
_cANA
999 _c210034
_d210034